| 000 | 01132nmc a2200373 a 4500 | ||
|---|---|---|---|
| 003 | AR-BaBNM | ||
| 005 | 20251128204242.0 | ||
| 008 | 145019s1994 ||||||||||||||000 | spa|| | ||
| 020 | _a950-9086-33-9 | ||
| 040 | _cAR-BaBNM | ||
| 100 | 1 | _aHolmberg, Eduardo Ladislao | |
| 245 | 1 | 0 | _aOlimpio Pitango de Monalia |
| 260 |
_aBuenos Aires _bEdiciones Solar _c1994 |
||
| 300 | 0 |
_a238 p. _bil., mapas, gráfs., facsím. |
|
| 490 | 0 | _aBiblioteca dimensión argentina. Ediciones críticas | |
| 500 | 0 | _aEdición príncipe | |
| 500 | 0 | _aEdición crítica de un texto inédito | |
| 504 | _aIncluye introducción con bibliografía y notas por Gioconda Marún | ||
| 600 | 1 | 4 |
_aSarmiento, Domingo Faustino _d1868-1874 |
| 600 | 1 | 4 |
_aPizzurno, Pablo A. _d1865-1940 |
| 650 | 4 | _aLITERATURA ARGENTINA | |
| 650 | 4 | _aNOVELAS | |
| 650 | 4 | _aLITERATURA DE FICCION | |
| 650 | 4 | _aSATIRA | |
| 650 | 4 | _aRETORICA | |
| 653 | 0 | _aMODERNISMO | |
| 653 | 0 | _aCOSTUMBRISMO | |
| 653 | 0 | _aINDIGENISMO | |
| 655 | _aLITERATURA | ||
| 700 | 1 |
_aMarún, Gioconda _eeditor |
|
| 800 | 1 |
_aWeinberg, Gregorio _edirector |
|
| 942 | _cBK | ||
| 998 | _cMarce | ||
| 999 |
_c6717 _d6717 |
||